000 00709cab a2200193 4500
001 ##L135002
008 060918n2006 000 0 eng u
035 _a(Sirsi) u135002
041 0 _aeng
100 1 _aSalares, Virginia
245 0 0 _aAddressing the growing problem of mold
260 _c2006
490 0 _aCanadian Appraiser
_v50(2) 2006, 48-49(2)
520 _aDiscusses the problems caused by mould, and ways in which in can be dealt with. Also examines the reasons for the growth of mould in the home, and ways to prevent it from growing in the first place.
590 _aIKA190906
651 4 _aCANADA
690 _aMANAGEMENT-HEALTH AND SAFETY-HAZARDOUS SUBSTANCES-TOXIC MOULD
942 _n0
999 _c77741
_d77741